| 000 | 00487nam a22001937a 4500 | ||
|---|---|---|---|
| 003 | CEME | ||
| 005 | 20210628201850.0 | ||
| 008 | 210208b xxu||||| |||| 00| 0 eng d | ||
| 020 | _a81-203-2579-6 | ||
| 040 | _c. | ||
| 082 | _a510.2462 SAS | ||
| 100 |
_aSastry, S.S _957163 |
||
| 245 | _aEngineering mathematics, vol-1 | ||
| 250 | _a3RD | ||
| 260 |
_aNEW DELHI _bPRENTICE HALL OF INDIA _c2004 |
||
| 300 | _aXIII,751P | ||
| 650 |
_aENGINEERING MATHEMATICS _92310 |
||
| 942 |
_cBK _2ddc |
||
| 999 |
_c567463 _d567463 |
||